00861nam a22002297a 4500003000500000005001700005008004100022010001000063011001000073035001000083040000900093100004200102245019700144260004000341300001000381502010200391650002600493650003300519650003300552650002600585650002000611CHAP20220329140327.0971013s1978 r 00010 d a50464 a51436 a55586 cCHAP00aRodríguez del Bosque, Luis Ángel. aEvaluación de daño del gusano cogollero (Spodoptera frugiperda Smith), gusano barrenador (Diatraea zea Boddie) y gusano barrenador (Diatraea saccharalis Fabricius) en maíz Marín, N. L. aMonterrey, N. L. :bEl autor,c1978 a67 h. aTesis (Ing. Agr. Fitotecnista) -- Universidad Autónoma de Nuevo León. Facultad de Agronomía14aDiatraea saccharalis.14aGusano cogollero del maíz.14aHeliothis (Helicoverpa) zea.14aMaízxNuevo León.14aMaízxPlagas.